00489nam a2200193 a 4500001001300000003000900013005001700022008004100039020000800080082001600088100002200104245003500126260003500161300000900196500003500205505001500240650001800255700002200273nice12345678IN_TiNIC20260116011912.0050524s1973 newa grp 000 0 urd  ac400a297.52bAZA aAzami, Jamaluddin aIslami Aqaid-O-Masail-I-Mazhab aNew DelhibMaktaba Jamiac1973 a175p aincludes index and biblioraphy2 aIll, Index aIslam-Prayers1 aAzami, Jamaluddin